|
|
|
|
| LEADER |
00000nas a2200000 a 4500 |
| 001 |
ssj0003964 |
| 003 |
WaSeSS |
| 005 |
20200512172242.0 |
| 006 |
m d |
| 007 |
cr n |
| 008 |
830425d19832006vaumn p s 0 a0eng |
| 010 |
|
|
|a 83642834
|
| 016 |
7 |
|
|a 012776623
|2 Uk
|
| 022 |
|
|
|l 0737-7908
|y 0737-7908
|
| 032 |
|
|
|a 008524
|b USPS
|
| 035 |
|
|
|a (WaSeSS)ssj0003964
|
| 037 |
|
|
|b Robotics World, c/o Douglas Publications, Inc., 9609 Gayton Rd., Ste. 100, Richmond, VA 23233
|
| 040 |
|
|
|a DLC
|b eng
|c DLC
|d NSD
|d DLC
|d NST
|d DLC
|d NSD
|d NST
|d AIP
|d NST
|d IUL
|d NST
|d IUL
|d NST
|d IUL
|d GUA
|d NSD
|d IUL
|d OCLCQ
|d NSD
|d OCLCQ
|d GUA
|d OCLCQ
|d EBZ
|d OCLCQ
|d UKMGB
|d OCLCO
|d OCLCQ
|d OCLCF
|d LIP
|d CUS
|d OCLCQ
|d RDF
|d NJR
|d WaSeSS
|
| 042 |
|
|
|a pcc
|a nsdp
|
| 050 |
0 |
0 |
|a TS191.8
|b .R635
|
| 082 |
0 |
|
|a 629.8/92/05
|2 19
|
| 210 |
0 |
|
|a Rob. world
|
| 222 |
|
0 |
|a Robotics world
|
| 245 |
0 |
0 |
|a Robotics world
|h [electronic resource].
|
| 260 |
|
|
|a [Atlanta, GA] :
|b Communication Channels,
|c [©1983-
|
| 310 |
|
|
|a Monthly (except bimonthly in Jan./Feb., July/Aug., & Nov./Dec.),
|b 2006-
|
| 321 |
|
|
|a Frequency varies,
|b 1983-2005
|
| 362 |
0 |
|
|a [Vol. 1, no. 1] (Jan. 1983)-
|
| 362 |
1 |
|
|a Ceased with v. 24, no. 6 published in 2006.
|
| 500 |
|
|
|a Title from cover.
|
| 500 |
|
|
|a Published: Richmond, VA : Douglas Publications, 2003-
|
| 506 |
|
|
|a License restrictions may limit access.
|
| 515 |
|
|
|a Vol. 1, no. 1 also called premiere issue.
|
| 588 |
|
|
|a Latest issue consulted: Vol. 24, no. 3 (May 2006).
|
| 650 |
|
0 |
|a Robots, Industrial
|v Periodicals.
|
| 650 |
|
7 |
|a Robots, Industrial.
|2 fast
|0 (OCoLC)fst01099080
|
| 655 |
|
0 |
|a Electronic journals.
|
| 780 |
0 |
5 |
|t Motion control
|x 1053-4644
|w (DLC) 91650267
|w (OCoLC)22533054
|
| 850 |
|
|
|a AU
|a CLSU
|a CSt
|a CU-A
|a CU-I
|a CU-SB
|a CaNBFU
|a DLC
|a GAT
|a IaAS
|a IaU
|a InU
|a LU
|a MH-BA
|a MiDW
|a NNE
|a NRU
|a NjR
|a PPiC
|a ViU
|
| 853 |
2 |
0 |
|8 1
|a v.
|b no.
|u 9
|v r
|i (year)
|j (month)
|w 9
|x 01/02
|y cm 01/02,07/08,11/12
|
| 856 |
4 |
0 |
|z Full text available from Research Library: 01/01/1993 to 11/30/2006
|u https://search.proquest.com/publication/37766
|
| 863 |
4 |
1 |
|8 1.1
|a 24
|b 1
|i 2006
|j 01/02
|